Behavior modification : contributions to education

Bibliographic Details
Main Authors: Bijou, Sidney W. [ (Sidney William)] , 1908-2009 (Author), Ruiz, Roberto (Author)
Corporate Author: International Symposium on Behavior Modification Caracas, Venezuela
Format: Conference Proceeding Book
Language:English
Published: Hillsdale, New Jersey : Lawrence Erlbaum Associates , 1981
Subjects:

MARC

LEADER 00000cam a2200000 7i4500
001 0000007297
005 20230227093000.0
008 021119s1981 nju eng
020 |a 0898590515 
040 |a UniSZA   |e rda 
050 0 0 |a LB1061   |b .I57 
090 0 0 |a LB1061   |b .I57 
111 2 |a International Symposium on Behavior Modification   |n (8th :   |d 1988 :   |c Caracas, Venezuela) 
245 1 0 |a Behavior modification :   |b contributions to education   |c edited by Sidney W. Bijou, Roberto Ruiz 
260 2 |a Hillsdale, New Jersey :   |b Lawrence Erlbaum Associates ,   |c 1981 
300 |a 312 pages :   |b illustrations ;   |c 24 cm. 
336 |a text  |2 rdacontent 
337 |a unmediated  |2 rdamedia 
338 |a volume  |2 rdacarrier 
504 |a Includes bibliography (pages 227-231) and index 
650 0 |a Behavior modification   |v Congresses 
650 0 |a Handicapped children   |x Education   |v Congresses 
650 0 |a Illiteracy   |v Congresses 
700 1 |a Bijou, Sidney W. [  |q (Sidney William)] ,   |d 1908-2009 ,   |e author 
700 1 |a Ruiz, Roberto ,   |e author 
999 |a 1000026586   |b Book   |c OPEN SHELF (30 DAYS)   |e Gong Badak Campus